| 000 | 03582nam a22004217a 4500 | ||
|---|---|---|---|
| 005 | 20091215115543.0 | ||
| 008 | 091215t xxu||||| |||| 00| 0 eng d | ||
| 010 | _aB-387407-424 | ||
| 020 |
_a9781603465946 _c50.00 |
||
| 035 | _aB-387407-424 | ||
| 037 | _bBlueberry Books | ||
| 040 |
_adpl _bEnglish |
||
| 082 | _aS | ||
| 245 | _aMeera Bai | ||
| 260 |
_bMacaw Books _c2009 _aVirginia |
||
| 300 |
_a24p.: _bcol. ill. _c25cm(Pbk) |
||
| 490 |
_aTales from Indian mythology _917175 |
||
| 942 |
_2ddc _cCH _mMEE _hS |
||
| 999 |
_c32850 _d32850 |
||